Indice histórico de la Revista Pasos 1985-2002
Uloženo v:
| Médium: | Text |
|---|---|
| Témata: | |
| Tagy: |
Přidat tag
Žádné tagy, Buďte první, kdo vytvoří štítek k tomuto záznamu!
|
MARC
| LEADER | 00000 a a2200000 04500 | ||
|---|---|---|---|
| 001 | 11767 | ||
| 003 | |||
| 040 | |||
| 245 | |a Indice histórico de la Revista Pasos 1985-2002 | ||
| 650 | |a INDICES | ||
| 650 | |a DOCUMENTOS | ||
| 650 | |a CATALOGOS | ||
| 650 | |a BIBLIOGRAFIAS | ||
| 650 | |a RELIGION | ||
| 650 | |a TEORIA SOCIAL | ||
| 650 | |a TEORIA POLITICA | ||
| 650 | |a TEORIA ECONOMICA | ||
| 773 | |g número 100; páginas 24-39 | ||
| 999 | |c 25102 |d 25102 | ||
| 773 | 0 | |0 41641 |9 2480 |a Departamento Ecuménico de Investigaciones (DEI) |d San José, Costa Rica Departamento Ecuménico de Investigaciones (DEI) |o 20178 |t Pasos / | |
